000 03505cam a22006254i 4500
001 u49485
003 PE-LiUPU
005 20250731184558.0
008 150706s2010 pe a r 000 0 spa d
020 _a9786124011108
035 _a(Sirsi) i9786124011108
040 _aPE-LiUPU
_bspa
_cPE-LiUPU
_erda
049 _aPRUA
082 0 4 _a352.72
_bC79 2009
082 0 4 _a918.5
_bC77
_221
100 1 _aCórdova Aguilar, Hildegardo,
_eautor.
245 1 3 _aEl Perú y sus recursos :
_buna mirada desde la geografía económica /
_cHildegardo Córdova Aguilar.
264 1 _aLima :
_bAsamblea Nacional de Rectores,
_c2010.
300 _a416 páginas :
_bilustraciones ;
_c24 centímetros.
336 _atext
_2rdacontent
337 _aunmediated
_2rdamedia
338 _avolume
_2rdacarrier
505 0 _aCondiciones ambientales para el desarrollo económico -- La agricultura como fuentede abastecimiento de alimentos -- Los recursos forestales y ganaderos -- La minería como el factor más importante del desarrollo el factor más importante del desarrollo económico del Perú -- La pesca otro recurso muy importante del Perú -- La industria. La seguridad energética del Perú -- Los servicios, importante nuevo sector dominante de la economía peruana -- El turismo, la nueva industria peruana -- Flujos y redes. El comercio y sus consecuencias espaciales
526 _aP136
526 _aP135
526 _aP134
526 _aP133
526 _aP144
526 _aP143
526 _aP87
526 _aP35
526 _aP20
526 _aP14
526 _aP10
526 _aP06
596 _a1 2 3
650 0 4 _aGeografía económica
_zPerú.
650 0 4 _aRecursos naturales
_zPerú.
910 _bjv
_cng
_d20110412
910 _btqv
_cwelc
_d20161128
942 _2ddc
_cBOOK
994 _aC0
_bPEPRU
949 _a330.9 C72 2009
_wDEWEY
_c1
_iFT00116
_lCCODEBUT1
_mBUT
_p10.00
_r0
_sY
_tBOOK
_u2015-12-1
_xFCE
_PP04
_0DONACION
_o.STAFF. Colección General
949 _a352.72 C79 2009
_wDEWEY
_c1
_iFJ04566
_f2017-12-28
_g1
_lCCODEBUJ1
_mBUJ
_p20.00
_r0
_sY
_tBOOK
_u2015-10-14
_xINGENIERIA
_PP24
_0COMPRA
_o.STAFF. Colección General Juliaca
949 _a918.5 C77
_wDEWEY
_c1
_i62794
_f2018-2-8
_g2
_lCCODEBUL1
_mBUL
_p16.00
_r0
_sY
_tBOOK
_u2015-7-6
_xEDUCACION
_zUNKNOWN
_0COMPRA
_o.STAFF. Colección General
949 _a918.5 C77
_wDEWEY
_c2
_i62793
_f2018-2-8
_g2
_lCCODEBUL1
_mBUL
_p16.00
_r0
_sY
_tBOOK
_u2015-7-6
_xEDUCACION
_zUNKNOWN
_0COMPRA
_o.STAFF. Colección General
999 _a918.5 C77
_wDEWEY
_c51836
_i62794
_f2021-11-8
_g5
_lCCODEBUL1
_mBUL
_p16.00
_r0
_sY
_tBOOK
_u2015-7-6
_xBIBLIOTECA
_zUNKNOWN
_0COMPRA
_o.STAFF. Colección General
_d51836
999 _a918.5 C77
_wDEWEY
_c2
_i62793
_f2021-11-8
_g5
_lCCODEBUL1
_mBUL
_p16.00
_r0
_sY
_tBOOK
_u2015-7-6
_xBIBLIOTECA
_zUNKNOWN
_0COMPRA
_o.STAFF. Colección General
999 _a352.72 C79 2009
_wDEWEY
_c1
_iFJ04566
_f2022-1-18
_g4
_lCCODEBUJ1
_mBUJ
_p20.00
_r0
_sY
_tBOOK
_u2015-10-14
_xINGENIERIA
_PP24
_0COMPRA
_o.STAFF. Colección General Juliaca
999 _a330.9 C72 2009
_wDEWEY
_c1
_iFT00116
_f2019-2-20
_g1
_lCCODEBUT1
_mBUT
_p10.00
_r0
_sY
_tBOOK
_u2015-12-1
_xFCE
_PP04
_0DONACION
_o.STAFF. Colección General
980 _81
_gALBERTO SANCHEZ Responsable de Automatización